Financial viability in planning (Record no. 116301)

MARC details
000 -LEADER
fixed length control field 01911cam a22003135a 4500
001 - CONTROL NUMBER
control field L160258
008 - FIXED-LENGTH DATA ELEMENTS--GENERAL INFORMATION
fixed length control field 190612s2019 xxk f 000 0 eng d
020 ## - INTERNATIONAL STANDARD BOOK NUMBER
International Standard Book Number 9781783213580
035 ## - SYSTEM CONTROL NUMBER
System control number (Sirsi) u160258
041 0# - LANGUAGE CODE
Language code of text/sound track or separate title eng
100 1# - MAIN ENTRY--PERSONAL NAME
Personal name Fourt, Robert
110 ## - MAIN ENTRY--CORPORATE NAME
9 (RLIN) 4900
Corporate name or jurisdiction name as entry element Royal Institution of Chartered Surveyors
245 00 - TITLE STATEMENT
Title Financial viability in planning
Remainder of title Conduct and reporting
Medium [electronic resource]
250 ## - EDITION STATEMENT
Edition statement 1st ed
260 ## - PUBLICATION, DISTRIBUTION, ETC.
Place of publication, distribution, etc. London
Name of publisher, distributor, etc. RICS
Date of publication, distribution, etc. 2019
300 ## - PHYSICAL DESCRIPTION
Extent 62p.
490 ## - SERIES STATEMENT
Series statement RICS Professional Standard
490 ## - SERIES STATEMENT
Series statement RICS Professional Statement
520 ## - SUMMARY, ETC.
Summary, etc. Sets out mandatory requirements that inform the practitioner on what must be included within financial viability assessments and how the process must be conducted. This is to demonstrate how a reasonable, objective and impartial outcome, without interference, should be arrived at, and so support the statutory planning decision process. It also aims to support and complement the government's reforms to the planning process announced in July 2018 and subsequent updates, which include an overhaul of the National Planning Policy Framework (NPPF) and Planning Practice Guidance (PPG) on viability and related matters.
520 ## - SUMMARY, ETC.
Summary, etc. Replaces Financial viability appraisal in planning decisions: Theory and practice 2015
520 ## - SUMMARY, ETC.
Summary, etc. Effective date 1 September 2019. This document was originally published in May 2019 as an RICS professional statement and reissued in April 2023 as an RICS professional standard
590 ## - LOCAL NOTE (RLIN)
Local note NTK
650 24 - SUBJECT ADDED ENTRY--TOPICAL TERM
Topical term or geographic name entry element FINANCIAL VIABILITY
651 #4 - SUBJECT ADDED ENTRY--GEOGRAPHIC NAME
Geographic name ENGLAND AND WALES
690 ## - LOCAL SUBJECT ADDED ENTRY--TOPICAL TERM (OCLC, RLIN)
Topical term or geographic name as entry element Planning and development
9 (RLIN) 6259
710 ## - ADDED ENTRY--CORPORATE NAME
9 (RLIN) 4900
Corporate name or jurisdiction name as entry element Royal Institution of Chartered Surveyors
856 40 - ELECTRONIC LOCATION AND ACCESS
Uniform Resource Identifier <a href="https://www.rics.org/profession-standards/rics-standards-and-guidance/sector-standards/land-standards/financial-viability-in-planning-conduct-and-reporting">https://www.rics.org/profession-standards/rics-standards-and-guidance/sector-standards/land-standards/financial-viability-in-planning-conduct-and-reporting</a>
Public note View on RICS.org
942 ## - ADDED ENTRY ELEMENTS (KOHA)
Suppress in OPAC 0
Source of classification or shelving scheme Dewey Decimal Classification
Holdings
Withdrawn status Lost status Damaged status Not for loan Home library Current library Shelving location Date acquired Total Checkouts Full call number Date last seen Copy number Price effective from Koha item type
        Virtual Virtual Online 12/06/2019   ONLINE PUBLICATION 02/02/2024 1 06/08/2019 Online material